000 00293nam a22000977a 4500
005 20250901165419.0
008 210325b ||||| |||| 00| 0 eng d
050 _aHG151 .O67 1976
245 _aThe language of international finance in English
_b money and banking
_cOPPENHEIM, PETER K.
942 _2lcc
999 _c3582
_d3582